[Event "Xtracon Grandmaster "]
[Site "Koge"]
[Date "2013.10.18"]
[Round "6"]
[White "Pawlak, Wojciech Zbignew"]
[Black "Stuhr, Peter Sebastian"]
[Result "0-1"]
[WhiteElo "1681"]
[BlackElo "1939"]
[PlyCount "120"]
[EventDate "2013.10.14"]
[EventType "swiss"]
[EventRounds "9"]
[EventCountry "DEN"]
[Source "ChessBase"]
[SourceDate "2013.11.20"]

1. d4 d6 2. c4 Nf6 3. Nc3 Nbd7 4. e4 e5 5. Nf3 c6 6. Be2 Be7 7. O-O h6 8. dxe5
dxe5 9. Qc2 g5 10. Rd1 Qc7 11. Be3 Nf8 12. Bf1 Ne6 13. Ne2 Rg8 14. Ng3 Nf4 15.
Nf5 Bxf5 16. exf5 Nd7 17. g3 Nh5 18. Rd2 g4 19. Ne1 Bg5 20. Qc3 Nhf6 21. Bg2
O-O-O 22. Rad1 Bxe3 23. Qxe3 Qb6 24. Qxb6 axb6 25. Nc2 e4 26. Ne3 Kc7 27. h3 h5
28. h4 Ne5 29. Rxd8 Rxd8 30. Rxd8 Kxd8 31. Bf1 Nf3+ 32. Kg2 Nd4 33. a4 Kd7 34.
b4 Kd6 35. c5+ bxc5 36. Nc4+ Kc7 37. bxc5 Nb3 38. Ne5 Nxc5 39. a5 Nb3 40. a6
bxa6 41. Bxa6 Nd4 42. Nxf7 Nxf5 43. Bc4 Nd5 44. Ng5 e3 45. f3 gxf3+ 46. Kxf3
Nd4+ 47. Kg2 Kd6 48. Kf1 Ke5 49. Bd3 Nb4 50. Bg6 Nf5 51. Kg2 Ng7 52. Nf3+ Kf6
53. Be4 c5 54. Ne1 Ke5 55. Kf3 Nf5 56. Nd3+ Nxd3 57. Bxd3 e2 58. Kxe2 Nxg3+ 59.
Kf3 Nf5 60. Kg2 Nxh4+ 0-1

[Event "Xtracon Grandmaster "]
[Site "Koge"]
[Date "2013.10.18"]
[Round "6"]
[White "Percivaldi, Martin"]
[Black "Molvig, Julius"]
[Result "0-1"]
[WhiteElo "2191"]
[BlackElo "1893"]
[PlyCount "106"]
[EventDate "2013.10.14"]
[EventType "swiss"]
[EventRounds "9"]
[EventCountry "DEN"]
[Source "ChessBase"]
[SourceDate "2013.11.20"]

1. d4 Nf6 2. c4 g6 3. g3 Bg7 4. Bg2 O-O 5. Nc3 d6 6. Nf3 Nc6 7. O-O Bd7 8. e4
Rb8 9. d5 Na5 10. Nd2 c5 11. Qc2 a6 12. b3 b5 13. Bb2 bxc4 14. bxc4 Ng4 15.
Rab1 Ne5 16. Nd1 Rb4 17. a3 Ba4 18. Qc3 Rxb2 19. Nxb2 Nexc4 20. Qc1 Nxb2 21.
Rxb2 Bxb2 22. Qxb2 Qc7 23. Rb1 Bb5 24. Qc3 Rc8 25. h4 h6 26. Bh3 Rf8 27. a4 Be8
28. Bf1 c4 29. Nxc4 Nxc4 30. Rb4 Qa5 31. Qxc4 Bd7 32. Rb7 Bxa4 33. Rxe7 Bb5 34.
Qd4 Qe1 35. Qf6 Qxf1+ 36. Kh2 Qe2 37. Qf4 Kg7 38. g4 a5 39. Kg3 Qd3+ 40. Kh2
Qe2 41. Kg3 Qd3+ 42. Kg2 Qa3 43. h5 g5 44. Qf5 Kg8 45. Qf6 Qc1 46. Qxd6 Qf1+
47. Kg3 Qg1+ 48. Kf3 Qd1+ 49. Kg3 Qg1+ 50. Kf3 Qh1+ 51. Ke3 Qc1+ 52. Kd4 Qd2+
53. Kc5 Qb4+ 0-1

[Event "Xtracon Grandmaster "]
[Site "Koge"]
[Date "2013.10.18"]
[Round "6"]
[White "Petrovski, Petruli"]
[Black "Knudsen, Martin Mosgaard"]
[Result "1-0"]
[WhiteElo "1864"]
[BlackElo "1683"]
[PlyCount "45"]
[EventDate "2013.10.14"]
[EventType "swiss"]
[EventRounds "9"]
[EventCountry "DEN"]
[Source "ChessBase"]
[SourceDate "2013.11.20"]

1. Nf3 Nf6 2. g3 b6 3. Bg2 Bb7 4. O-O g6 5. c4 Bg7 6. Nc3 O-O 7. d4 d5 8. cxd5
Nxd5 9. Re1 c6 10. e4 Nxc3 11. bxc3 Nd7 12. e5 Re8 13. Ng5 e6 14. Ne4 Nxe5 15.
dxe5 Bxe5 16. Qxd8 Raxd8 17. Bg5 Rd7 18. Bf6 Bc7 19. Rad1 Rxd1 20. Rxd1 Bc8 21.
Nd6 Bxd6 22. Rxd6 c5 23. Bc6 1-0

[Event "Xtracon Grandmaster "]
[Site "Koge"]
[Date "2013.10.18"]
[Round "6"]
[White "Rosenkilde, Alexander"]
[Black "Andersen, Finn"]
[Result "1-0"]
[WhiteElo "2238"]
[BlackElo "2060"]
[PlyCount "103"]
[EventDate "2013.10.14"]
[EventType "swiss"]
[EventRounds "9"]
[EventCountry "DEN"]
[Source "ChessBase"]
[SourceDate "2013.11.20"]

1. d4 Nf6 2. c4 d6 3. Nf3 Nbd7 4. Nc3 e5 5. g3 Be7 6. Bg2 O-O 7. O-O c6 8. e4
a6 9. a4 a5 10. h3 Re8 11. Be3 Qc7 12. Qc2 Bf8 13. Rad1 Nb8 14. c5 Na6 15. cxd6
Bxd6 16. dxe5 Bxe5 17. Nxe5 Qxe5 18. Bf4 Qc5 19. Bd6 Qb6 20. e5 Nd7 21. Kh2
Ndc5 22. Ne4 Nxe4 23. Bxe4 h6 24. f4 Be6 25. Rf3 Nb4 26. Bxb4 axb4 27. f5 b3
28. Qc3 Bc8 29. e6 Rxa4 30. exf7+ Kxf7 31. Bd3 Qb4 32. Qc1 Qe7 33. Bc4+ Rxc4
34. Qxc4+ Kf8 35. Rd2 Qf7 36. Qxb3 Qxb3 37. Rxb3 Kf7 38. g4 Kf6 39. Kg3 Kf7 40.
Rd6 Ke7 41. Rbd3 Kf7 42. Kf4 Ke7 43. h4 Kf7 44. h5 Kf8 45. Rd8 Ke7 46. Rxe8+
Kxe8 47. Ke5 Ke7 48. Rd6 c5 49. Rg6 Kf7 50. Kd5 Bd7 51. Kxc5 Bc6 52. Rxc6 1-0

[Event "Xtracon Grandmaster "]
[Site "Koge"]
[Date "2013.10.18"]
[Round "6"]
[White "Rozentalis, Eduardas"]
[Black "Solodovnichenko, Yuri"]
[Result "1/2-1/2"]
[WhiteElo "2616"]
[BlackElo "2583"]
[PlyCount "45"]
[EventDate "2013.10.14"]
[EventType "swiss"]
[EventRounds "9"]
[EventCountry "DEN"]
[Source "ChessBase"]
[SourceDate "2013.11.20"]

1. e4 e5 2. Nf3 Nf6 3. Nxe5 d6 4. Nf3 Nxe4 5. Bd3 Nf6 6. O-O Be7 7. c3 O-O 8.
h3 c5 9. Bc2 Nc6 10. d4 Be6 11. Ng5 Bc4 12. Re1 cxd4 13. cxd4 Nb4 14. Nc3 Nxc2
15. Qxc2 Rc8 16. Qf5 h6 17. Nge4 Be6 18. Qf3 Nxe4 19. Qxe4 d5 20. Nxd5 Bxd5 21.
Qxe7 Qb6 22. Qe5 Rce8 23. Qxe8 1/2-1/2

[Event "Xtracon Grandmaster "]
[Site "Koge"]
[Date "2013.10.18"]
[Round "6"]
[White "Semcesen, Daniel"]
[Black "Bekker Jensen, David"]
[Result "1-0"]
[WhiteElo "2490"]
[BlackElo "2321"]
[PlyCount "67"]
[EventDate "2013.10.14"]
[EventType "swiss"]
[EventRounds "9"]
[EventCountry "DEN"]
[Source "ChessBase"]
[SourceDate "2013.11.20"]

1. d4 Nf6 2. c4 g6 3. Nc3 Bg7 4. e4 d6 5. h3 O-O 6. Nf3 e5 7. d5 a5 8. g4 Na6
9. Be3 Nc5 10. Nd2 Bd7 11. Be2 c6 12. h4 Ne8 13. g5 Nc7 14. a3 f5 15. b4 axb4
16. axb4 Rxa1 17. Qxa1 Nxe4 18. Ndxe4 fxe4 19. b5 cxb5 20. cxb5 Bf5 21. Qa7 Qc8
22. Kd2 Ne8 23. Rg1 Rf7 24. b6 Bf8 25. Ra1 Bg4 26. Qa8 Qxa8 27. Rxa8 Bxe2 28.
Kxe2 Re7 29. Nxe4 Kf7 30. Rb8 Rd7 31. Nf6 Re7 32. Nxe8 Rxe8 33. Rxb7+ Be7 34.
Rc7 1-0

[Event "Xtracon Grandmaster "]
[Site "Koge"]
[Date "2013.10.18"]
[Round "6"]
[White "Smith, Axel"]
[Black "Andreasen, Jon S"]
[Result "1-0"]
[WhiteElo "2460"]
[BlackElo "2239"]
[PlyCount "49"]
[EventDate "2013.10.14"]
[EventType "swiss"]
[EventRounds "9"]
[EventCountry "DEN"]
[Source "ChessBase"]
[SourceDate "2013.11.20"]

1. e4 e6 2. d4 d5 3. Nc3 Nf6 4. Bg5 Bb4 5. e5 h6 6. Be3 Ne4 7. Qg4 g6 8. a3
Bxc3+ 9. bxc3 c5 10. Bd3 Nxc3 11. dxc5 Nc6 12. Nf3 Qa5 13. O-O Qa4 14. Qxa4
Nxa4 15. Rab1 a6 16. Rb3 d4 17. Nxd4 Nxe5 18. Nf3 Nd7 19. c6 bxc6 20. Be4 Rb8
21. Bxc6 Rxb3 22. cxb3 Nc3 23. Re1 Nb5 24. a4 Nd6 25. Rd1 1-0

[Event "Xtracon Grandmaster "]
[Site "Koge"]
[Date "2013.10.18"]
[Round "6"]
[White "Sorensen, Dick"]
[Black "Rendboe, John Filip"]
[Result "0-1"]
[WhiteElo "1974"]
[BlackElo "2214"]
[PlyCount "102"]
[EventDate "2013.10.14"]
[EventType "swiss"]
[EventRounds "9"]
[EventCountry "DEN"]
[Source "ChessBase"]
[SourceDate "2013.11.20"]

1. c4 e5 2. Nc3 Nf6 3. g3 g6 4. Bg2 Bg7 5. e4 O-O 6. Nge2 Nc6 7. d3 d6 8. O-O
Be6 9. Nd5 Ne8 10. Be3 Ne7 11. Rc1 c6 12. Nxe7+ Qxe7 13. d4 Nf6 14. d5 cxd5 15.
cxd5 Bc8 16. Qa4 Ng4 17. Bd2 f5 18. f3 Nf6 19. Bb4 Bh6 20. Rc3 a5 21. Ba3 b5
22. Qxb5 Ba6 23. Qb6 Bxe2 24. Bxd6 Qd8 25. Bc7 Qe8 26. Rf2 Ra6 27. Qb3 a4 28.
Qc2 Bb5 29. d6 fxe4 30. fxe4 Ng4 31. Rxf8+ Qxf8 32. h3 Nf6 33. Kh2 Qe8 34. Qf2
Bg7 35. Qc5 Ra8 36. Qb4 Kh8 37. Rc5 Bd7 38. Bf1 Qe6 39. Bg2 Rf8 40. Ra5 h5 41.
Ra7 h4 42. gxh4 Nh5 43. Ba5 Rf2 44. Rxd7 Qxd7 45. Qb8+ Kh7 46. Qc7 Qb5 47. Bb6
Rxg2+ 48. Kxg2 Qe2+ 49. Bf2 Nf4+ 50. Kg3 Qd3+ 51. Kg4 Qxh3+ 0-1

[Event "Xtracon Grandmaster "]
[Site "Koge"]
[Date "2013.10.18"]
[Round "6"]
[White "Svensson, Soren"]
[Black "Norlander, Svante"]
[Result "1/2-1/2"]
[WhiteElo "2015"]
[BlackElo "1766"]
[PlyCount "78"]
[EventDate "2013.10.14"]
[EventType "swiss"]
[EventRounds "9"]
[EventCountry "DEN"]
[Source "ChessBase"]
[SourceDate "2013.11.20"]

1. d4 Nf6 2. c4 c5 3. d5 b5 4. cxb5 a6 5. f3 g6 6. e4 d6 7. Ne2 axb5 8. Nec3 b4
9. Nb5 Bg7 10. Bc4 O-O 11. a4 Nfd7 12. Ra2 Nb6 13. b3 Nxc4 14. bxc4 Nd7 15. Bg5
Nb6 16. Qc2 Ra5 17. Nd2 h6 18. Bh4 g5 19. Bg3 Ba6 20. h4 g4 21. fxg4 Qd7 22.
O-O Qxg4 23. Rf3 Kh8 24. Kh2 Bc8 25. Nf1 Qh5 26. Ne3 Bd7 27. Nf5 Be5 28. Bxe5+
dxe5 29. Qf2 Nxc4 30. Rc2 Nd6 31. Nbxd6 exd6 32. Nxd6 f5 33. Nxf5 Rxa4 34. Rxc5
Ra3 35. Qg3 Bxf5 36. Qxe5+ Kg8 37. Rxf5 Qxh4+ 38. Kg1 Qe1+ 39. Kh2 Qh4+ 1/2-1/2

[Event "Xtracon Grandmaster "]
[Site "Koge"]
[Date "2013.10.18"]
[Round "6"]
[White "Tolba, Henri"]
[Black "Petersen, Henry"]
[Result "1-0"]
[WhiteElo "1716"]
[BlackElo "1405"]
[PlyCount "65"]
[EventDate "2013.10.14"]
[EventType "swiss"]
[EventRounds "9"]
[EventCountry "DEN"]
[Source "ChessBase"]
[SourceDate "2013.11.20"]

1. e4 e5 2. Nf3 Nc6 3. Bb5 a6 4. Bxc6 dxc6 5. O-O Bd6 6. d4 Nf6 7. dxe5 Nxe4 8.
exd6 Nxd6 9. Re1+ Be6 10. Ng5 Qd7 11. Nxe6 fxe6 12. Qe2 O-O-O 13. Qxe6 Rde8 14.
Qxd7+ Kxd7 15. Rxe8 Rxe8 16. Kf1 Nb5 17. Be3 b6 18. a4 Nd6 19. Nd2 b5 20. Bf4
Nf5 21. axb5 axb5 22. Nb3 Rc8 23. Nc5+ Kd8 24. g4 Ne7 25. Bg5 h6 26. Bxe7+ Kxe7
27. Rd1 Ra8 28. Rd7+ Kf6 29. Rxc7 Ra1+ 30. Kg2 Rc1 31. Rxc6+ Ke5 32. Nd3+ Kd5
33. Nxc1 1-0

[Event "Xtracon Grandmaster "]
[Site "Koge"]
[Date "2013.10.18"]
[Round "6"]
[White "Vovk, Oksana"]
[Black "Nielsen, Jens Holm"]
[Result "1-0"]
[WhiteElo "2132"]
[BlackElo "1844"]
[PlyCount "65"]
[EventDate "2013.10.14"]
[EventType "swiss"]
[EventRounds "9"]
[EventCountry "DEN"]
[Source "ChessBase"]
[SourceDate "2013.11.20"]

1. d4 d5 2. c4 c6 3. Nf3 Nf6 4. Nc3 g6 5. Bf4 Bg7 6. e3 O-O 7. h3 a6 8. Qb3 Qa5
9. c5 Ne4 10. Be2 Nd7 11. O-O e5 12. Bh2 Nxc3 13. bxc3 b6 14. cxb6 Rb8 15. dxe5
Rxb6 16. Qc2 Re8 17. c4 Nxe5 18. Nxe5 Bxe5 19. Bxe5 Rxe5 20. cxd5 Rxd5 21. Bc4
Re5 22. Rad1 Bf5 23. Rd8+ Kg7 24. Qd1 Qc5 25. Bb3 Qe7 26. Qd2 a5 27. f4 Rc5 28.
Qd4+ Kh6 29. g4 Bc2 30. Bxc2 Rxc2 31. g5+ Kh5 32. Qd1+ Kh4 33. Qg4# 1-0

[Event "Xtracon Grandmaster "]
[Site "Koge"]
[Date "2013.10.18"]
[Round "6"]
[White "Wahlstrom, Lennart"]
[Black "Korley, Kassa"]
[Result "1/2-1/2"]
[WhiteElo "2105"]
[BlackElo "2329"]
[PlyCount "132"]
[EventDate "2013.10.14"]
[EventType "swiss"]
[EventRounds "9"]
[EventCountry "DEN"]
[Source "ChessBase"]
[SourceDate "2013.11.20"]

1. e4 e5 2. Nf3 Nc6 3. Nc3 Nf6 4. d4 exd4 5. Nxd4 Bb4 6. Nxc6 bxc6 7. Bd3 O-O
8. O-O d5 9. exd5 cxd5 10. Bg5 c6 11. Qf3 Rb8 12. Bxf6 Qxf6 13. Qxf6 gxf6 14.
Ne2 Ba5 15. b3 Re8 16. Rad1 Bg4 17. f3 Bb6+ 18. Kh1 Bd7 19. Ng3 Ba5 20. c4 Re3
21. Nh5 Bc3 22. cxd5 cxd5 23. Nf4 Be6 24. Bb1 d4 25. Bd3 f5 26. Rf2 Kg7 27. Rc2
Rd8 28. Kg1 a5 29. Kf2 Bb4 30. Ne2 Re5 31. Nf4 Rc5 32. Rxc5 Bxc5 33. Rc1 Bd6
34. Ne2 Bb4 35. Rc7 Bd2 36. Ng3 Kf6 37. Rc5 Bb4 38. Rc6 Rc8 39. Rxc8 Bxc8 40.
Ne2 h6 41. g3 Bc5 42. Nf4 Bd6 43. Ne2 Ke5 44. Nf4 Bb4 45. Bc4 Bd2 46. Nd3+ Kf6
47. a3 Be3+ 48. Ke2 Bg1 49. Kf1 Be3 50. b4 axb4 51. axb4 Bb7 52. Kg2 Ke7 53.
Nc5 Ba8 54. Bd3 Bd2 55. b5 Kd6 56. Nb3 Bc3 57. Bxf5 Bd5 58. Nc1 Bc4 59. Bd3 Kc5
60. b6 Bd5 61. Be4 Bxe4 62. fxe4 Kxb6 63. Kf3 Kc5 64. Ke2 Kd6 65. Nd3 Ke6 66.
Kf3 f5 1/2-1/2

[Event "Xtracon Grandmaster "]
[Site "Koge"]
[Date "2013.10.18"]
[Round "6"]
[White "Wang, Peter"]
[Black "Hansen, Lars Henrik Bech"]
[Result "1/2-1/2"]
[WhiteElo "1941"]
[BlackElo "2073"]
[PlyCount "32"]
[EventDate "2013.10.14"]
[EventType "swiss"]
[EventRounds "9"]
[EventCountry "DEN"]
[Source "ChessBase"]
[SourceDate "2013.11.20"]

1. e4 d6 2. Bc4 c6 3. Nf3 d5 4. exd5 cxd5 5. Bb5+ Bd7 6. Qe2 Bxb5 7. Qxb5+ Qd7
8. Nc3 e6 9. Ne5 Qxb5 10. Nxb5 Na6 11. d4 f6 12. Nd3 Rc8 13. c3 Nc7 14. Nxc7+
Rxc7 15. Bf4 Rc6 16. O-O g5 1/2-1/2

[Event "Xtracon Grandmaster "]
[Site "Koge"]
[Date "2013.10.19"]
[Round "7"]
[White "Akesson, Ralf"]
[Black "Prosviriakov, Vladimir"]
[Result "1-0"]
[WhiteElo "2465"]
[BlackElo "2300"]
[PlyCount "123"]
[EventDate "2013.10.14"]
[EventType "swiss"]
[EventRounds "9"]
[EventCountry "DEN"]
[Source "ChessBase"]
[SourceDate "2013.11.20"]

1. d4 d6 2. Nf3 g6 3. c4 Bg7 4. Nc3 Bg4 5. e3 c5 6. d5 Bxc3+ 7. bxc3 Qa5 8. Qb3
Nd7 9. Nd2 Nb6 10. a4 Bd7 11. Bd3 O-O-O 12. O-O e5 13. dxe6 Bxe6 14. e4 Ne7 15.
Rd1 Nc6 16. f4 f5 17. exf5 Bxf5 18. Bxf5+ gxf5 19. Nf1 Rhe8 20. Ne3 Re4 21.
Nxf5 Kc7 22. Qc2 Rxc4 23. Ne3 Rxa4 24. Rxa4 Qxa4 25. Qxh7+ Rd7 26. Qh5 Qe4 27.
Qf5 Qe7 28. Nd5+ Nxd5 29. Qxd5 Qf6 30. Bd2 Re7 31. Qd3 a5 32. h3 Re6 33. f5 Ne5
34. Qb5 Qxf5 35. Qxa5+ Kc8 36. Rf1 Qg6 37. Rf8+ Re8 38. Qa8+ Kd7 39. Qxb7+ Ke6
40. Rf2 Qd3 41. Bg5 Nd7 42. Rd2 Qf5 43. Qc6 Qe5 44. Bf4 Qxf4 45. Re2+ Ne5 46.
Qxe8+ Kd5 47. Qa8+ Ke6 48. Qe8+ Kd5 49. Qa8+ Ke6 50. Qf3 Qc1+ 51. Kh2 Qh6 52.
Qg3 Qf6 53. Rf2 Qh6 54. Qf4 Qg7 55. Qf5+ Ke7 56. Ra2 Qh6 57. Ra7+ Kd8 58. Qe4
Nd7 59. Qg4 Nf6 60. Qg3 Ne8 61. Ra8+ Kd7 62. Qg4+ 1-0

[Event "Xtracon Grandmaster "]
[Site "Koge"]
[Date "2013.10.19"]
[Round "7"]
[White "Jensen, Jens Amstrup"]
[Black "Pawlak, Wojciech Zbignew"]
[Result "1-0"]
[WhiteElo "1646"]
[BlackElo "1681"]
[PlyCount "97"]
[EventDate "2013.10.14"]
[EventType "swiss"]
[EventRounds "9"]
[EventCountry "DEN"]
[Source "ChessBase"]
[SourceDate "2013.11.20"]

1. e4 c5 2. Nf3 d6 3. d4 cxd4 4. Qxd4 Nc6 5. Bb5 Bd7 6. Bxc6 Bxc6 7. c4 Nf6 8.
Nc3 g6 9. O-O Bg7 10. Qd3 O-O 11. Be3 a6 12. Nd5 Nxd5 13. exd5 Bd7 14. Qd2 b5
15. cxb5 Bxb5 16. Rfc1 Rc8 17. Nd4 Qb6 18. Ne6 Qb7 19. Nxf8 Bxf8 20. Rxc8 Qxc8
21. Rc1 Qb7 22. h4 Bg7 23. Bh6 Bd7 24. Bxg7 Kxg7 25. h5 Bf5 26. h6+ Kf8 27. Qd4
f6 28. g4 Bd7 29. g5 Kf7 30. Re1 Bf5 31. gxf6 exf6 32. Re3 Qd7 33. Rb3 g5 34.
Rb6 Bh3 35. Rxa6 Qb5 36. Ra7+ Kg6 37. Qe4+ f5 38. Qe6+ Kh5 39. Qe1 Qxd5 40.
Qe2+ Kxh6 41. f3 Qc5+ 42. Qf2 Qc1+ 43. Kh2 Qf4+ 44. Kxh3 g4+ 45. Kg2 gxf3+ 46.
Qxf3 Qd2+ 47. Kh3 Qg5 48. Qg3 Qf6 49. Qh4+ 1-0

[Event "Xtracon Grandmaster "]
[Site "Koge"]
[Date "2013.10.19"]
[Round "7"]
[White "Andersen, Daniel"]
[Black "Moller, Arne"]
[Result "1-0"]
[WhiteElo "1933"]
[BlackElo "1847"]
[PlyCount "61"]
[EventDate "2013.10.14"]
[EventType "swiss"]
[EventRounds "9"]
[EventCountry "DEN"]
[Source "ChessBase"]
[SourceDate "2013.11.20"]

1. d4 Nf6 2. c4 e6 3. g3 c5 4. d5 exd5 5. cxd5 d6 6. Bg2 g6 7. Nf3 Bg7 8. O-O
O-O 9. Nc3 Re8 10. Nd2 a6 11. a4 Nbd7 12. e4 b6 13. f4 Bb7 14. Nc4 Qc7 15. Re1
Nh5 16. Bf3 Bd4+ 17. Be3 Bxe3+ 18. Rxe3 Ng7 19. Qe2 Rad8 20. g4 Bc8 21. e5 dxe5
22. fxe5 Qb8 23. Nd6 Nxe5 24. Nxe8 Nxf3+ 25. Qxf3 Rxe8 26. Ne4 Rd8 27. Nf6+ Kh8
28. Re7 Rf8 29. Qe3 Qd6 30. Rf1 g5 31. Qe4 1-0

[Event "Xtracon Grandmaster "]
[Site "Koge"]
[Date "2013.10.19"]
[Round "7"]
[White "Andreasen, Jon S"]
[Black "Hagen, Andreas Skytte"]
[Result "0-1"]
[WhiteElo "2239"]
[BlackElo "2421"]
[PlyCount "84"]
[EventDate "2013.10.14"]
[EventType "swiss"]
[EventRounds "9"]
[EventCountry "DEN"]
[Source "ChessBase"]
[SourceDate "2013.11.20"]

1. d4 Nf6 2. c4 g6 3. Nc3 Bg7 4. e4 d6 5. f3 O-O 6. Be3 Nc6 7. Nge2 a6 8. d5
Ne5 9. Ng3 e6 10. Be2 exd5 11. cxd5 c6 12. O-O b5 13. dxc6 Be6 14. Qd2 Rc8 15.
b3 d5 16. c7 Qxc7 17. Rac1 Qb7 18. Bd4 Nc6 19. Bxf6 Bxf6 20. Nxd5 Bg7 21. Rfd1
Nd4 22. Nf4 Qb6 23. Kh1 Rcd8 24. Nd3 a5 25. Qe3 a4 26. Nc5 axb3 27. Nxb3 Bxb3
28. axb3 Qe6 29. f4 Qxb3 30. Rd3 Qb2 31. e5 Bh6 32. Rcd1 Bxf4 33. Qxf4 Nxe2 34.
Nxe2 Rxd3 35. Rxd3 Qxe2 36. Rf3 Qc4 37. Qe3 Re8 38. Rf4 Rxe5 39. Rxc4 Rxe3 40.
Rc8+ Kg7 41. Kg1 Re2 42. Rb8 Rb2 0-1

[Event "Xtracon Grandmaster "]
[Site "Koge"]
[Date "2013.10.19"]
[Round "7"]
[White "Bekker Jensen, David"]
[Black "Wahlstrom, Lennart"]
[Result "1-0"]
[WhiteElo "2321"]
[BlackElo "2105"]
[PlyCount "67"]
[EventDate "2013.10.14"]
[EventType "swiss"]
[EventRounds "9"]
[EventCountry "DEN"]
[Source "ChessBase"]
[SourceDate "2013.11.20"]

1. d4 d5 2. c4 e6 3. Nc3 c5 4. cxd5 exd5 5. Nf3 Nc6 6. dxc5 d4 7. Na4 Nf6 8. e3
Bg4 9. Be2 b5 10. Nxd4 bxa4 11. Bxg4 Nxg4 12. Qxg4 Qd5 13. Nb5 Qd7 14. Qe4+ Be7
15. Nd6+ Kf8 16. Qxa4 Rb8 17. a3 h5 18. O-O Rh6 19. e4 Rg6 20. Nf5 Bxc5 21. b4
Bb6 22. Bf4 Re8 23. Rad1 Qe6 24. Bd6+ Kg8 25. Qxc6 Rg4 26. e5 Kh7 27. Ne3 Rg5
28. Qe4+ f5 29. Qf4 Qg6 30. g3 h4 31. Qxh4+ Rh5 32. Qf4 Rh8 33. h4 Kg8 34. Ng2
1-0

[Event "Xtracon Grandmaster "]
[Site "Koge"]
[Date "2013.10.19"]
[Round "7"]
[White "Brynell, Stellan"]
[Black "Rozentalis, Eduardas"]
[Result "0-1"]
[WhiteElo "2492"]
[BlackElo "2616"]
[PlyCount "86"]
[EventDate "2013.10.14"]
[EventType "swiss"]
[EventRounds "9"]
[EventCountry "DEN"]
[Source "ChessBase"]
[SourceDate "2013.11.20"]

1. d4 b5 2. Bg5 Bb7 3. Nd2 g6 4. c3 Bg7 5. Ngf3 Nf6 6. e3 a6 7. a4 bxa4 8. Qxa4
O-O 9. Bd3 d6 10. Nc4 Qc8 11. Na5 Bxf3 12. gxf3 c5 13. h4 Ra7 14. Bxf6 Bxf6 15.
h5 cxd4 16. hxg6 hxg6 17. cxd4 Rc7 18. Ke2 Kg7 19. Qb3 Rh8 20. Rxh8 Qxh8 21.
Nc4 Nd7 22. Nd2 Qh2 23. Ne4 Bh4 24. Rf1 Nf6 25. Nxf6 exf6 26. Bxa6 f5 27. Bc4
Re7 28. Qd3 Qg2 29. Bd5 Bg5 30. Kd1 Bxe3 31. f4 Qxd5 32. fxe3 Rb7 33. Rf2 Rb3
34. Qd2 Qc4 35. Qc2 Qe6 36. Re2 Rxe3 37. Rxe3 Qxe3 38. Qc4 Qf3+ 39. Kc2 Qxf4
40. b4 Qe4+ 41. Kc3 f4 42. b5 f3 43. b6 f2 0-1

[Event "Xtracon Grandmaster "]
[Site "Koge"]
[Date "2013.10.19"]
[Round "7"]
[White "Eriksson, Kristian"]
[Black "Degerfeldt, Sven"]
[Result "0-1"]
[WhiteElo "2093"]
[BlackElo "1929"]
[PlyCount "64"]
[EventDate "2013.10.14"]
[EventType "swiss"]
[EventRounds "9"]
[EventCountry "DEN"]
[Source "ChessBase"]
[SourceDate "2013.11.20"]

1. e4 c5 2. Nc3 e6 3. Nf3 a6 4. g3 b5 5. Bg2 Bb7 6. d3 d6 7. O-O Nf6 8. b3 Be7
9. Bb2 Qc7 10. a4 b4 11. Ne2 Nbd7 12. h3 O-O 13. Nd2 d5 14. f4 dxe4 15. dxe4
Rad8 16. Qe1 c4 17. Nxc4 Nxe4 18. Kh2 Bd5 19. Ne3 Bb7 20. Nd4 Ndc5 21. Rd1 Rd7
22. Nc4 Bf6 23. Qxb4 Rfd8 24. Ne3 e5 25. Ndf5 Rxd1 26. Rxd1 Rxd1 27. Nxd1 exf4
28. Bxf6 fxg3+ 29. Kg1 Nxf6 30. Bxb7 Nxb7 31. Ne7+ Kh8 32. Nd5 Qxc2 0-1

[Event "Xtracon Grandmaster "]
[Site "Koge"]
[Date "2013.10.19"]
[Round "7"]
[White "Fries Nielsen, Jens Ove"]
[Black "Rosenkilde, Alexander"]
[Result "0-1"]
[WhiteElo "2386"]
[BlackElo "2238"]
[PlyCount "56"]
[EventDate "2013.10.14"]
[EventType "swiss"]
[EventRounds "9"]
[EventCountry "DEN"]
[Source "ChessBase"]
[SourceDate "2013.11.20"]

1. d4 Nf6 2. Nc3 d5 3. Bg5 c5 4. e3 cxd4 5. exd4 Bf5 6. Bd3 Bxd3 7. Qxd3 e6 8.
Bxf6 gxf6 9. Nge2 Nc6 10. O-O Be7 11. Nf4 O-O 12. Rad1 Kh8 13. Rfe1 Rc8 14. Re3
Rg8 15. Rh3 Rg7 16. Qf3 Qd7 17. Rh6 f5 18. h4 Rg4 19. g3 Rcg8 20. Kh1 Bf8 21.
Rh5 Bd6 22. Ncxd5 exd5 23. Nxd5 Qe6 24. c3 Bxg3 25. Ne3 Rf4 26. d5 Rxf3 27.
dxe6 Bxf2 28. Nf1 fxe6 0-1

[Event "Xtracon Grandmaster "]
[Site "Koge"]
[Date "2013.10.19"]
[Round "7"]
[White "Hansen, Lars Henrik Bech"]
[Black "Jorgensen, Mikkel"]
[Result "1/2-1/2"]
[WhiteElo "2073"]
[BlackElo "1866"]
[PlyCount "27"]
[EventDate "2013.10.14"]
[EventType "swiss"]
[EventRounds "9"]
[EventCountry "DEN"]
[Source "ChessBase"]
[SourceDate "2013.11.20"]

1. e4 e5 2. Nf3 Nc6 3. d4 exd4 4. Bc4 Nf6 5. e5 d5 6. Bb5 Ne4 7. Nxd4 Bd7 8.
Bxc6 bxc6 9. O-O Be7 10. Be3 O-O 11. f3 Nc5 12. Nd2 f6 13. exf6 Rxf6 14. Qe2
1/2-1/2

[Event "Xtracon Grandmaster "]
[Site "Koge"]
[Date "2013.10.19"]
[Round "7"]
[White "Hansen, Rasmus Agertoft"]
[Black "Petrovski, Petruli"]
[Result "1-0"]
[WhiteElo "1940"]
[BlackElo "1864"]
[PlyCount "77"]
[EventDate "2013.10.14"]
[EventType "swiss"]
[EventRounds "9"]
[EventCountry "DEN"]
[Source "ChessBase"]
[SourceDate "2013.11.20"]

1. d4 Nf6 2. c4 e6 3. Nc3 c5 4. d5 exd5 5. cxd5 d6 6. e4 g6 7. f4 Bg7 8. Bb5+
Nfd7 9. Nf3 a6 10. Bd3 b5 11. a3 O-O 12. O-O Re8 13. Re1 Nf6 14. h3 Nbd7 15. e5
dxe5 16. fxe5 Nh5 17. e6 fxe6 18. dxe6 Nb6 19. e7 Qc7 20. Be4 Rb8 21. Bd5+ Kh8
22. Ng5 Bd4+ 23. Be3 Bxe3+ 24. Rxe3 Rxe7 25. Rxe7 Qxe7 26. Qd2 Qf6 27. Nf7+ Kg8
28. Ng5+ Kg7 29. Rf1 Qd4+ 30. Qxd4+ cxd4 31. Rf7+ Kh6 32. Nce4 Ng7 33. Bc6 Bf5
34. Rf6 Bxe4 35. Nf7+ Kh5 36. Bxe4 Nf5 37. Bf3+ Kh4 38. Kh2 Nd7 39. Rxf5 1-0

[Event "Xtracon Grandmaster "]
[Site "Koge"]
[Date "2013.10.19"]
[Round "7"]
[White "Hansen, Verner"]
[Black "Ottesen, Soren Rud"]
[Result "1-0"]
[WhiteElo "1903"]
[BlackElo "1757"]
[PlyCount "75"]
[EventDate "2013.10.14"]
[EventType "swiss"]
[EventRounds "9"]
[EventCountry "DEN"]
[Source "ChessBase"]
[SourceDate "2013.11.20"]

1. e4 c5 2. Nc3 d6 3. d3 g6 4. g3 Bg7 5. Bg2 Nc6 6. f4 e6 7. Nf3 Nge7 8. O-O
O-O 9. Be3 Nd4 10. Rb1 Nec6 11. Ne2 b5 12. c3 Nxe2+ 13. Qxe2 a5 14. e5 Bb7 15.
d4 c4 16. exd6 Qxd6 17. Ne5 Qc7 18. Rbd1 Ne7 19. h4 h5 20. g4 Bxg2 21. Qxg2 Nd5
22. Rde1 Nf6 23. f5 Nxg4 24. Nxg4 hxg4 25. fxe6 f5 26. Bf4 Qe7 27. Qg3 Rad8 28.
Bc7 Bf6 29. Bxd8 Qxd8 30. Qe3 Qe7 31. d5 Bxh4 32. Rd1 Bg5 33. Qe2 Qd6 34. Rfe1
Bh4 35. e7 Re8 36. Qe6+ Qxe6 37. Rxe6 Bxe7 38. d6 1-0